000 00849nam a2200265 a 4500
001 BRCA_3798
005 20190320204428.0
008 221109s1952----mx-#######---#000-0#spa-#
041 _aspa
044 _amx
050 4 _aF1232.Z3
_b.E88 1952
100 1 _aEstep, Raymond.
_99897
245 1 0 _aLorenzo de Zavala
_bprofeta del liberalismo mexicano
_cRaymond Estep ; tr. de Carlos A. Echanove Trujillo ; prólogo de Carlos E. Castañeda.
260 _aMéxico
_bManuel Porrúa
_c1952
300 _a358 p.
_c21 cm.
440 0 _aBiblioteca mexicana
_v9
_99898
500 _aB157
600 1 4 _aZavala, Lorenzo
_d1788-1836.
_99899
650 1 4 _aLiberalismo.
_99900
650 1 4 _aMasonería.
_99901
651 4 _aTexas
_vAnexión a Estados Unidos
_xHistoria
_y1821-1861.
_99902
651 4 _aMéxico
_vHistoria.
_99143
902 _aGFM
942 _2lcc
_cB
999 _c3527
_d3527